000 00690cam a22002411 4500
001 sa 67001573
003 DLC
005 20260227112324.0
008 870328s1964 ii a 000 0 hin
010 _asa 67001573
035 _a(OCoLC)15389715
040 _aDLC
_cNRU
_dNRU
_dDLC
042 _apremarc
043 _aa-ii---
050 0 0 _aDS414
_b.A7
100 1 _aArya, Banarasi Lal,
_d1904-
245 1 0 _aKhaṇḍaharoṃ ke deśa meṃ.
_cLekhaka Banārasī Lāla 'Ārya'.
250 _a[1. saṃskaraṇa]
260 _aBarelī,
_bPrema-pustaka-bhaṇḍāra
_c[1964]
300 _a6, 172 p.
_billus.
_c19 cm.
500 _aIn Hindi.
651 0 _aIndia
_xDescription and travel.
999 _c72729
_d72729